000 00684nam a22001577a 4500
003 IT-RoPau
005 20220918181102.0
008 130312b xxu||||| |||| 00| 0 eng d
040 _cIT-RoPau
245 _aProvincia Italia, Iter formativo, (San Paolo Provincia Italia, n° 1, maggio 2002)
250 _a1° ed
260 _aRoma
_bSSP Provincia Italia
_c2002
300 _a30 pp.
_c21 cm
520 _aIndice 0. Principi 1. Organismo al servizio della Pastorale Vocazionale Paolina (PVP) 2. L'animazione vocazionale L'ammissione in comunità - Vieni e Vedi 3. Formazione di base Il Prenoviziato Il Noviziato Lo Juniorato 4. La Formazione permanente
942 _2ddc
_cBK
999 _c98225
_d98225